[Event "Dresden ZMD op"]
[Site "Dresden"]
[Date "2009.08.01"]
[Round "8"]
[White "Kelbling, Alexander"]
[Black "Hummel, Dennis"]
[Result "1/2-1/2"]
[WhiteElo "1924"]
[BlackElo "2044"]
[PlyCount "147"]
[EventDate "2009.07.25"]
[EventType "swiss"]
[EventRounds "9"]
[EventCountry "GER"]
[SourceTitle "CBM 131 Extra"]
[Source "ChessBase"]
[SourceDate "2009.09.03"]
[SourceVersion "2"]
[SourceVersionDate "2009.09.16"]
[SourceQuality "1"]

1. d4 e6 2. c4 Nf6 3. Nf3 b6 4. g3 Ba6 5. b3 d5 6. cxd5 exd5 7. Bg2 Bb4+ 8. Bd2 Bd6 9. Nc3 Nbd7 10. Nh4 c6 11. Nf5 Bf8 12. 0-0 h5 13. Re1 g6 14. Nh4 Be7 15. Nf3 0-0 16. Ng5 Rc8 17. h4 Bb7 18. e4 dxe4 19. Ngxe4 Nxe4 20. Nxe4 Nf6 21. Nxf6+ Bxf6 22. Be3 Qd7 23. Qf3 Bg7 24. Rad1 Rfe8 25. Kh2 Rcd8 26. Re2 Ba8 27. Red2 Re6 28. Bh3 f5 29. Bg2 Rd6 30. Qf4 Kh7 31. Kg1 Bb7 32. Kh2 Qe7 33. Qg5 Qxg5 34. Bxg5 Bf6 35. Be3 Kg7 36. Bf1 Kf7 37. Bc4+ Kf8 38. Kg1 Ke7 39. Kf1 Bc8 40. Be2 Be6 41. Bf3 Bd5 42. Bxd5 Rxd5 43. Ke2 Ke6 44. Rc1 Kd7 45. Rdc2 Rc8 46. Rd2 Re8 47. Kf3 Re6 48. Rc4 Be7 49. Ra4 a5 50. Rc4 Bb4 51. Rd3 Re8 52. Rc1 Ra8 53. a4 b5 54. Rcd1 Rb8 55. Kf4 bxa4 56. bxa4 Bd6+ 57. Kf3 Rb4 58. Ra1 Bc7 59. Rc3 Bb6 60. Rac1 Rd6 61. Rc4 Rxc4 62. Rxc4 Ke6 63. Bf4 Kd5 64. Rc2 Re6 65. Rb2 Bxd4 66. Rb8 Kc4 67. Bc7 Bc3 68. Ra8 c5 69. Bxa5 Kd3 70. Bxc3 Kxc3 71. a5 c4 72. a6 Rc6 73. a7 Ra6 74. Ke3 1/2-1/2

[Event "Dortmund op"]
[Site "Dortmund"]
[Date "2009.07.06"]
[Round "3"]
[White "Coenen, Michael"]
[Black "Kelbling, Alexander"]
[Result "1-0"]
[WhiteElo "2256"]
[BlackElo "1924"]
[PlyCount "67"]
[EventDate "2009.07.04"]
[EventType "swiss"]
[EventRounds "9"]
[EventCountry "GER"]
[SourceTitle "CBM 131 Extra"]
[Source "ChessBase"]
[SourceDate "2009.09.03"]
[SourceVersion "2"]
[SourceVersionDate "2009.09.16"]
[SourceQuality "1"]

1. e4 e6 2. Qe2 b6 3. Nf3 Ne7 4. g3 g6 5. Bg2 Bg7 6. h4 h6 7. d3 Bb7 8. c3 d5 9. 0-0 c5 10. Rd1 Nbc6 11. exd5 Nxd5 12. Na3 0-0 13. Nc2 Qe7 14. d4 Rad8 15. dxc5 Qxc5 16. Nfd4 Nxd4 17. Nxd4 Qe7 18. a4 Kh7 19. a5 e5 20. Nc2 f5 21. axb6 axb6 22. Ra7 e4 23. h5 g5 24. g4 Nf4 25. Bxf4 Rxd1+ 26. Qxd1 gxf4 27. gxf5 f3 28. f6 Rxf6 29. Bh3 Rd6 30. Qc1 Qd8 31. Qf4 Rd1+ 32. Kh2 Bc6 33. Ne3 Qd6 34. Rxg7+ 1-0

[Event "Dortmund op"]
[Site "Dortmund"]
[Date "2009.07.05"]
[Round "2"]
[White "Kelbling, Alexander"]
[Black "Wittenberg, Andreas"]
[Result "0-1"]
[WhiteElo "1924"]
[BlackElo "2129"]
[PlyCount "80"]
[EventDate "2009.07.04"]
[EventType "swiss"]
[EventRounds "9"]
[EventCountry "GER"]
[SourceTitle "CBM 131 Extra"]
[Source "ChessBase"]
[SourceDate "2009.09.03"]
[SourceVersion "2"]
[SourceVersionDate "2009.09.16"]
[SourceQuality "1"]

1. d4 d5 2. c4 e6 3. Nc3 Nf6 4. Bg5 Nbd7 5. e3 Be7 6. Nf3 0-0 7. Rc1 dxc4 8. Bxc4 a6 9. 0-0 b5 10. Bd3 Bb7 11. Qe2 c5 12. Rfd1 cxd4 13. exd4 Nb6 14. Ne5 Rc8 15. Bc2 Nbd5 16. Bxf6 Nxf6 17. a3 g6 18. Bb3 Qd6 19. Rd3 Nd5 20. Bxd5 Bxd5 21. Re1 Bf6 22. Qe3 Bg7 23. h3 Rfd8 24. Red1 Bb7 25. Ne2 Bd5 26. Rc3 Rxc3 27. Qxc3 Bb7 28. Rc1 Rc8 29. Qe3 Rxc1+ 30. Nxc1 Qd5 31. Nf3 Qh5 32. Ne5 Bh6 33. Qe1 Qg5 34. Ng4 Qxc1 35. Nxh6+ Qxh6 36. Qe5 Qc1+ 37. Kh2 Qc6 38. Qb8+ Kg7 39. Qe5+ f6 40. Qg3 Qd7 0-1

[Event "Dortmund op-A"]
[Site "Dortmund"]
[Date "2007.06.30"]
[Round "8"]
[White "Kelbling, Alexander"]
[Black "Klein, Hans Joachim"]
[Result "1-0"]
[WhiteElo "1799"]
[BlackElo "1946"]
[PlyCount "67"]
[EventDate "2007.06.22"]
[EventType "swiss"]
[EventRounds "9"]
[EventCountry "GER"]
[SourceTitle "EXT 2008"]
[Source "ChessBase"]
[SourceDate "2007.11.25"]
[SourceVersion "1"]
[SourceVersionDate "2007.11.25"]
[SourceQuality "1"]

1. d4 d5 2. c4 Bf5 3. cxd5 Qxd5 4. Nc3 Qd8 5. e4 Bd7 6. Bc4 e6 7. Nf3 Nf6 8. Bg5 Be7 9. 0-0 a6 10. a4 0-0 11. Re1 Ng4 12. Bf4 Bd6 13. e5 Be7 14. Qd2 f6 15. exf6 Rxf6 16. h3 Nh6 17. Ng5 Nc6 18. Nxe6 Bxe6 19. Bxe6+ Kh8 20. Rad1 Qf8 21. Nd5 Rg6 22. Bxc7 Nf5 23. Bxf5 Qxf5 24. Nxe7 Nxe7 25. Rxe7 Qxh3 26. Bg3 Qg4 27. Rde1 h5 28. Qf4 Qc8 29. R7e5 Qc6 30. Rxh5+ Kg8 31. Qh4 Rh6 32. Rxh6 gxh6 33. Qg4+ Kh7 34. Re7+ 1-0

[Event "Dortmund op-A"]
[Site "Dortmund"]
[Date "2007.06.23"]
[Round "2"]
[White "Kelbling, Alexander"]
[Black "Bramkamp, Rainer"]
[Result "1/2-1/2"]
[WhiteElo "1799"]
[BlackElo "2117"]
[PlyCount "53"]
[EventDate "2007.06.22"]
[EventType "swiss"]
[EventRounds "9"]
[EventCountry "GER"]
[SourceTitle "EXT 2008"]
[Source "ChessBase"]
[SourceDate "2007.11.25"]
[SourceVersion "1"]
[SourceVersionDate "2007.11.25"]
[SourceQuality "1"]

1. d4 d5 2. c4 e6 3. Nc3 Nf6 4. cxd5 exd5 5. Bg5 Be7 6. e3 0-0 7. Bd3 Nbd7 8. Nf3 Re8 9. Qc2 Nf8 10. 0-0 c6 11. Rab1 a5 12. Rfe1 Bg4 13. Ne5 Bh5 14. Ne2 Ng4 15. Bxe7 Qxe7 16. Nxg4 Bxg4 17. Ng3 Bd7 18. Nf5 Bxf5 19. Bxf5 g6 20. Bd3 f5 21. a3 Ne6 22. Qe2 Qd6 23. Qf3 Ng5 24. Qg3 Qxg3 25. hxg3 Ne4 26. Bxe4 fxe4 27. Rbc1 1/2-1/2

[Event "NRW-ch U18"]
[Site "Kranenburg"]
[Date "2007.04.11"]
[Round "4"]
[White "Korste, Sebastian"]
[Black "Kelbling, Alexander"]
[Result "1/2-1/2"]
[WhiteElo "1714"]
[BlackElo "1751"]
[PlyCount "54"]
[EventDate "2007.04.09"]
[EventType "swiss"]
[EventRounds "7"]
[EventCountry "GER"]
[SourceTitle "EXT 2008"]
[Source "ChessBase"]
[SourceDate "2007.11.25"]
[SourceVersion "1"]
[SourceVersionDate "2007.11.25"]
[SourceQuality "1"]

1. c4 Nf6 2. Nc3 e6 3. Nf3 d5 4. e3 c6 5. d4 Be7 6. Bd3 0-0 7. 0-0 b6 8. b3 Bb7 9. Bb2 Nbd7 10. Re1 c5 11. Qe2 Re8 12. e4 dxe4 13. Nxe4 Nxe4 14. Bxe4 Bxe4 15. Qxe4 Nf6 16. Qc2 Rc8 17. Rad1 Qc7 18. d5 exd5 19. cxd5 Bd6 20. Bxf6 gxf6 21. Qf5 Kg7 22. h3 Rcd8 23. Nh4 Be5 24. Qh5 Kh8 25. Nf5 Rg8 26. Qf3 Qb7 27. Nh6 Rg7 1/2-1/2

[Event "NRW-ch U18"]
[Site "Kranenburg"]
[Date "2007.04.09"]
[Round "1"]
[White "Kelbling, Alexander"]
[Black "Fox, Daniel"]
[Result "0-1"]
[WhiteElo "1751"]
[BlackElo "2089"]
[PlyCount "108"]
[EventDate "2007.04.09"]
[EventType "swiss"]
[EventRounds "7"]
[EventCountry "GER"]
[SourceTitle "EXT 2008"]
[Source "ChessBase"]
[SourceDate "2007.11.25"]
[SourceVersion "1"]
[SourceVersionDate "2007.11.25"]
[SourceQuality "1"]

1. d4 d5 2. c4 e6 3. Nc3 Nf6 4. cxd5 exd5 5. Bg5 Bb4 6. Qc2 h6 7. Bh4 g5 8. Bg3 Ne4 9. e3 h5 10. f3 Nxg3 11. hxg3 Qd6 12. Nge2 Be6 13. 0-0-0 c6 14. e4 Na6 15. e5 Qd7 16. g4 h4 17. Ng1 Nc7 18. Nh3 Be7 19. Bd3 0-0-0 20. Rhe1 Kb8 21. Na4 b6 22. Kb1 Rc8 23. Nc3 Rhg8 24. Qa4 Na8 25. Bf1 Nc7 26. Bd3 Na8 27. Bf1 f5 28. exf6 Bxf6 29. Bd3 Rce8 30. Re2 Nc7 31. Rde1 Kb7 32. Nf2 Qd6 33. Ka1 b5 34. Qc2 Bxd4 35. Bg6 Ref8 36. Bd3 Bd7 37. Nfd1 Re8 38. Bf5 Rxe2 39. Rxe2 Re8 40. Bxd7 Qxd7 41. Rxe8 Qxe8 42. Qd2 Qe5 43. Ne2 Ne6 44. Kb1 Bb6 45. Qd3 Nf4 46. Nxf4 Qxf4 47. a3 Qd4 48. Qe2 a5 49. Nc3 Qe3 50. Qc2 b4 51. axb4 axb4 52. Nd1 Qg1 53. Ka2 Qf1 54. Kb1 h3 0-1

[Event "NRW U18 op"]
[Site "Olpe"]
[Date "2005.10.03"]
[Round "6.22"]
[White "Bruedigam, Jannis"]
[Black "Kelbling, Alexander"]
[Result "0-1"]
[WhiteElo "1335"]
[BlackElo "1660"]
[PlyCount "40"]
[EventDate "2005.10.01"]
[EventType "swiss"]
[EventRounds "7"]
[EventCountry "GER"]
[SourceTitle "CBM 108 Extra"]
[Source "ChessBase"]
[SourceDate "2005.11.04"]
[SourceVersion "1"]
[SourceVersionDate "2005.11.04"]
[SourceQuality "1"]

1. d4 Nf6 2. c4 e6 3. Nc3 Bb4 4. Bd2 c5 5. dxc5 Bxc5 6. e4 Nc6 7. a3 a5 8. Bf4 e5 9. Bg5 d6 10. Nd5 Bxf2+ 11. Ke2 Bxg1 12. Kd3 Bd4 13. Bxf6 gxf6 14. Rb1 f5 15. Qf3 Qg5 16. Nc7+ Kf8 17. Nxa8 fxe4+ 18. Kxe4 f5+ 19. Kd5 Qg8+ 20. Kxd6 Qe6+ 0-1

[Event "NRW U18 op"]
[Site "Olpe"]
[Date "2005.10.01"]
[Round "2.7"]
[White "Fox, Daniel"]
[Black "Kelbling, Alexander"]
[Result "1-0"]
[WhiteElo "1973"]
[BlackElo "1660"]
[PlyCount "25"]
[EventDate "2005.10.01"]
[EventType "swiss"]
[EventRounds "7"]
[EventCountry "GER"]
[SourceTitle "CBM 108 Extra"]
[Source "ChessBase"]
[SourceDate "2005.11.04"]
[SourceVersion "1"]
[SourceVersionDate "2005.11.04"]
[SourceQuality "1"]

1. e4 d5 2. exd5 Qxd5 3. Nf3 Bg4 4. Be2 Nc6 5. 0-0 Nf6 6. d4 e6 7. Be3 Be7 8. c4 Qd7 9. Nc3 Rd8 10. Ne5 Nxe5 11. dxe5 Qxd1 12. Bxd1 Bxd1 13. exf6 1-0

[Event "Moehnesee Cup-B"]
[Site "Moehnesee"]
[Date "2005.08.20"]
[Round "5"]
[White "Nonhoff, Marko"]
[Black "Kelbling, Alexander"]
[Result "1-0"]
[WhiteElo "1573"]
[BlackElo "1660"]
[PlyCount "83"]
[EventDate "2005.08.18"]
[EventType "swiss"]
[EventRounds "7"]
[EventCountry "GER"]
[SourceTitle "CBM 108 Extra"]
[Source "ChessBase"]
[SourceDate "2005.11.04"]
[SourceVersion "1"]
[SourceVersionDate "2005.11.04"]
[SourceQuality "1"]

1. g3 e5 2. Bg2 f5 3. d3 Nf6 4. c4 Be7 5. Nf3 d6 6. Nc3 c6 7. 0-0 0-0 8. a3 a5 9. Rb1 Na6 10. b4 axb4 11. axb4 Nc7 12. b5 Bd7 13. Bd2 Ne6 14. Bg5 Nxg5 15. Nxg5 Nh5 16. bxc6 bxc6 17. Nf3 f4 18. Ne4 Bf5 19. Nfd2 Qd7 20. Qb3 Rac8 21. Rb2 Kh8 22. Rfb1 Bg4 23. Nc3 Rf6 24. Qa4 Bh3 25. Rb7 Qe6 26. Rxe7 Qxe7 27. Bxh3 Rcf8 28. Nde4 Rg6 29. Qxc6 Qh4 30. Qxd6 Rxd6 31. gxh4 Rg6+ 32. Kf1 h6 33. c5 f3 34. e3 Nf6 35. Rb6 Ra8 36. Nxf6 Rxf6 37. Rb1 Rfa6 38. Ke1 Kg8 39. Bg4 Ra3 40. Kd2 Rf8 41. c6 Ra6 42. c7 1-0

[Event "Moehnesee Cup-B"]
[Site "Moehnesee"]
[Date "2005.08.18"]
[Round "1"]
[White "Dilcher, Hans Guenther"]
[Black "Kelbling, Alexander"]
[Result "1/2-1/2"]
[WhiteElo "1247"]
[BlackElo "1660"]
[PlyCount "76"]
[EventDate "2005.08.18"]
[EventType "swiss"]
[EventRounds "7"]
[EventCountry "GER"]
[SourceTitle "CBM 108 Extra"]
[Source "ChessBase"]
[SourceDate "2005.11.04"]
[SourceVersion "1"]
[SourceVersionDate "2005.11.04"]
[SourceQuality "1"]

1. e4 d5 2. exd5 Qxd5 3. Nc3 Qa5 4. d4 c6 5. Nf3 Bg4 6. Be2 Nf6 7. 0-0 e6 8. h3 Bh5 9. Bd3 Be7 10. Bd2 0-0 11. Ne4 Qc7 12. Ng3 Bxf3 13. Qxf3 Rd8 14. c3 Nbd7 15. Rfe1 c5 16. Nf5 Nb6 17. Bf4 Qd7 18. Nxe7+ Qxe7 19. Be5 cxd4 20. Bxd4 Nbd5 21. Bc4 Rac8 22. Bxd5 Rxd5 23. Bxa7 Rf5 24. Qe2 Nd5 25. Bd4 Nf4 26. Qg4 Qg5 27. Be3 Qf6 28. Bd4 e5 29. Rxe5 g6 30. Re8+ Rxe8 31. Bxf6 Rxf6 32. Rd1 Ne2+ 33. Kf1 Rfe6 34. Re1 Ng3+ 35. fxg3 Rxe1+ 36. Kf2 Rb1 37. Qb4 Rbe1 38. Qg4 Rb1 1/2-1/2

[Event "Halver-ch"]
[Site "Halver"]
[Date "2003.10.20"]
[Round "?"]
[White "Lindemann, Siegfried"]
[Black "Kelbling, Alexander"]
[Result "1/2-1/2"]
[WhiteElo "1430"]
[BlackElo "1340"]
[PlyCount "88"]
[EventDate "2003.09.14"]
[EventType "swiss"]
[EventRounds "9"]
[EventCountry "GER"]
[SourceTitle "EXT 2007"]
[Source "ChessBase"]
[SourceDate "2006.11.23"]
[SourceVersion "1"]
[SourceVersionDate "2006.11.23"]
[SourceQuality "1"]

1. d4 d5 2. Nc3 Nf6 3. Nf3 Bg4 4. Bg5 e6 5. e3 Be7 6. Be2 0-0 7. 0-0 c5 8. dxc5 Bxc5 9. Nd4 Bxe2 10. Qxe2 a6 11. Rfd1 Be7 12. Nf3 Qc7 13. h3 Nc6 14. a3 Na5 15. Bf4 Bd6 16. Bxd6 Qxd6 17. Nd2 Rac8 18. Nde4 Nxe4 19. Nxe4 Qc7 20. Nc3 Nc4 21. Rab1 Qa5 22. Na2 Qc7 23. c3 a5 24. Nc1 Qb6 25. Qc2 Qc6 26. Ne2 Ne5 27. Qb3 Qc4 28. Qxc4 Nxc4 29. a4 Nd6 30. f3 Rc4 31. b3 Rc7 32. c4 Nf5 33. e4 dxe4 34. fxe4 Ne7 35. Rd3 Nc6 36. Rbd1 h6 37. Nc3 e5 38. Nb5 Re7 39. Rd7 Rfe8 40. R1d6 Rxd7 41. Rxd7 Re7 42. Rd6 Kf8 43. Nc3 Ke8 44. Nd5 Rd7 1/2-1/2

[Event "Luedenscheid district-ch"]
[Site "Luedenscheid"]
[Date "2003.10.04"]
[Round "?"]
[White "Kelbling, Alexander"]
[Black "Wollenweber, Frank"]
[Result "1-0"]
[WhiteElo "1349"]
[BlackElo "1685"]
[PlyCount "113"]
[EventDate "2003.10.03"]
[EventType "swiss"]
[EventRounds "7"]
[EventCountry "GER"]
[SourceTitle "EXT 2007"]
[Source "ChessBase"]
[SourceDate "2006.11.23"]
[SourceVersion "1"]
[SourceVersionDate "2006.11.23"]
[SourceQuality "1"]

1. d4 g6 2. c4 Bg7 3. Nc3 e6 4. e4 Ne7 5. Be2 0-0 6. Nf3 d6 7. 0-0 Nbc6 8. Be3 b6 9. Qc1 Bb7 10. Rd1 Qe8 11. Bh6 a6 12. Qf4 f5 13. Qh4 Nd8 14. Ng5 Bxh6 15. Qxh6 Rf7 16. Nxf7 Qxf7 17. Qh4 Ndc6 18. Rac1 Rf8 19. Bf3 e5 20. exf5 Nxf5 21. Qh3 Kh8 22. Bd5 Qg7 23. dxe5 dxe5 24. Ne2 Qf6 25. Qf3 Ba8 26. g4 Nfd4 27. Qxf6+ Rxf6 28. Nxd4 exd4 29. Bxc6 Bxc6 30. Rxd4 Kg7 31. Re1 Kf7 32. Rd8 Rd6 33. Rxd6 cxd6 34. f4 Kf6 35. Kf2 b5 36. cxb5 axb5 37. h4 h5 38. gxh5 gxh5 39. Rg1 Be8 40. Ke3 Bf7 41. b3 Bg6 42. Rg5 Be8 43. Ke4 Ke6 44. f5+ Kf7 45. Rxh5 Ke7 46. Rg5 Bf7 47. Rg7 Kf6 48. Rxf7+ Kxf7 49. Kd5 Ke7 50. h5 Kd7 51. h6 b4 52. h7 Kc7 53. h8Q Kb6 54. Qd8+ Kb7 55. Qxd6 Kc8 56. Qe7 Kb8 57. Kc6 1-0

[Event "Luedenscheid district-ch"]
[Site "Luedenscheid"]
[Date "2003.10.04"]
[Round "?"]
[White "Mantler, Thorben"]
[Black "Kelbling, Alexander"]
[Result "1-0"]
[WhiteElo "1753"]
[BlackElo "1437"]
[PlyCount "51"]
[EventDate "2003.10.03"]
[EventType "swiss"]
[EventRounds "7"]
[EventCountry "GER"]
[SourceTitle "EXT 2007"]
[Source "ChessBase"]
[SourceDate "2006.11.23"]
[SourceVersion "1"]
[SourceVersionDate "2006.11.23"]
[SourceQuality "1"]

1. Nf3 Nf6 2. c4 d6 3. d4 g6 4. Nc3 Bg7 5. e4 Bg4 6. Be2 0-0 7. h3 Bxf3 8. Bxf3 e5 9. d5 Nbd7 10. Be3 a6 11. 0-0 Rc8 12. b4 c6 13. dxc6 Rxc6 14. Qb3 Qc7 15. Be2 Qb8 16. a4 Rcc8 17. Rfd1 Rfd8 18. Rd2 Bf8 19. g4 Qa8 20. g5 Ne8 21. Bg4 Qb8 22. Nd5 Rc6 23. Bxd7 Rxd7 24. b5 axb5 25. axb5 Rc8 26. Ba7 1-0

[Event "Halver-ch"]
[Site "Halver"]
[Date "2003.09.26"]
[Round "?"]
[White "Kelbling, Alexander"]
[Black "Mirus, Lothar"]
[Result "1-0"]
[WhiteElo "1340"]
[BlackElo "1423"]
[PlyCount "103"]
[EventDate "2003.09.14"]
[EventType "swiss"]
[EventRounds "9"]
[EventCountry "GER"]
[SourceTitle "EXT 2007"]
[Source "ChessBase"]
[SourceDate "2006.11.23"]
[SourceVersion "1"]
[SourceVersionDate "2006.11.23"]
[SourceQuality "1"]

1. d4 c6 2. e4 d5 3. Nc3 g6 4. Nf3 Bg4 5. Be2 Bg7 6. 0-0 Nf6 7. h3 dxe4 8. hxg4 exf3 9. Bxf3 0-0 10. Re1 e6 11. g3 Nbd7 12. Kg2 Re8 13. Rh1 e5 14. Be3 Nb6 15. dxe5 Rxe5 16. Bd4 Re6 17. Bc5 Qc7 18. g5 Rd8 19. Qf1 Nfd5 20. Bxb6 Qxb6 21. Nxd5 cxd5 22. Rb1 Re5 23. Qc1 d4 24. Re1 Rc5 25. Qd2 Qc7 26. Rbc1 b5 27. a3 Qd6 28. Rcd1 Rdc8 29. c3 Qb6 30. cxd4 Rc2 31. Qb4 Bf8 32. Qb3 a6 33. Bd5 R8c7 34. Bxf7+ Kg7 35. Bd5 Qd6 36. Be4 R2c4 37. Qd3 Be7 38. Qe3 Qd8 39. f4 b4 40. Bf3 Rd7 41. Qe5+ Kg8 42. Qe6+ Kf8 43. Qxc4 bxa3 44. bxa3 Bxa3 45. Qxa6 Bb4 46. Re2 Rxd4 47. Rxd4 Qxd4 48. Qc8+ Kg7 49. Qb7+ Kf8 50. Bc6 Kg8 51. Re8+ Bf8 52. Bd5+ 1-0